General Knowledge Quiz #1 - Statistics

General Stats
  • This quiz has been taken 49 times
  • The average score is 16 of 20
Answer Stats
Hint Answer % Correct
Mans Best Friend Dog
98%
Einstein's First Name Albert
96%
Capital of Greece Athens
96%
Largest Land Animal Elephant
96%
Largest Country by Land Area Russia
96%
3.14159265359 Pi
93%
Most Liked Color in the World Blue
91%
Largest US State By Land Area Alaska
89%
Tallest Mountain in the World Mt. {Everest}
89%
Most Common Surname in the US Smith
89%
5th Planet From the Sun Jupiter
87%
20th Letter in the English Alphabet T
87%
Last Letter of the Greek Alphabet Omega
84%
Last Color in the Rainbow Violet
82%
First Animal in the Dictionary Aardvark
80%
Bovine Cow
78%
Sacred Animal of the Ancient Egyptians Cat
64%
National Flower of Japan Cherry Blossom
60%
20th President James Abram Garfield
29%
Jetpunk Fish Name Jeppy
27%
No matching quizzes found
Score Distribution
Percent of People with Each Score
Percentile by Number Answered
Your Score History
You have not taken this quiz